Open Data Biblioteca Nacional de Portugal


República Portuguesa: Ministério da Cultura
Biblioteca Nacional de Portugal

Catálogo da BNP: acesso por Identificadores Unívocos
Registos Bibliográficos associados ao registo de autoridade

Etiqueta de registo: 00000nam 2200025 450
001 1876077
003 http://id.bnportugal.gov.pt/bib/catbnp/1876077
010 ## $a978-972-99688-6-0
021 ## $aPT$b363603/13
100 ## $a20140617d2013 cdey0pory01030103ba
101 0# $apor
102 ## $aPT
105 ## $aa z 000yy
106 ## $ar
200 1# $a Os guerreiros da Galiza$fEscolinha de Rugby da Galiza
210 #9 $a[Lisboa]$cBioRumo,$dD.L. 2013
215 ## $a94, [2] p.$cil.$d21 cm
225 2# $aPequenos nadas
675 ## $a796.33(469.411)$vBN$zpor$3480084
710 02 $aEscolinha de Rugby da Galiza$31577325
801 #0 $aPT$bBN$gRPC
856 41 $uhttp://rnod.bnportugal.gov.pt/ImagesBN/winlibimg.aspx?skey=&doc=1876077&img=45942&save=true
900 ## $aBIBNAC$d20140717
966 ## $lBN$mFGMON$sB.A. 37498 V.$x1
966 ## $lBN$mFGMON$sB.A. 37498 V.-D$x1

OpendataBNP@bnportugal.pt | Mais informação sobre acesso aos dados BNP